Chʻuchʻŏn chakpʻum chŏnjip / (Record no. 35345)
[ view plain ]
| 000 -LEADER | |
|---|---|
| fixed length control field | 00921cam a2200253 a 4500 |
| 001 - CONTROL NUMBER | |
| control field | k 64000347 |
| 003 - CONTROL NUMBER IDENTIFIER | |
| control field | DLC |
| 005 - DATE AND TIME OF LATEST TRANSACTION | |
| control field | 20260227111524.0 |
| 008 - FIXED-LENGTH DATA ELEMENTS--GENERAL INFORMATION | |
| fixed length control field | 010305m19599999ko 000 0 kor c |
| 010 ## - LIBRARY OF CONGRESS CONTROL NUMBER | |
| LC control number | k 64000347 |
| 035 ## - SYSTEM CONTROL NUMBER | |
| System control number | (CStRLIN)DCLP01-B2309 |
| 040 ## - CATALOGING SOURCE | |
| Original cataloging agency | Harvard Univ. Chinese-Japanese Library |
| Transcribing agency | YNH |
| Modifying agency | DLC-R |
| -- | DLC |
| 050 00 - LIBRARY OF CONGRESS CALL NUMBER | |
| Classification number | PL976.4 |
| Item number | .C42 1959 |
| 066 ## - CHARACTER SETS PRESENT | |
| Alternate G0 or G1 character set | $1 |
| 245 00 - TITLE STATEMENT | |
| Linkage | 880-01 |
| Title | Chʻuchʻŏn chakpʻum chŏnjip / |
| Statement of responsibility, etc. | [pʻyŏnja Cho Yŏn-hyŏn]. |
| 260 ## - PUBLICATION, DISTRIBUTION, ETC. | |
| Linkage | 880-02 |
| Place of publication, distribution, etc. | Sŏul : |
| Name of publisher, distributor, etc. | Hyŏndae Munhaksa, |
| Date of publication, distribution, etc. | Tanʼgi 4292 [1959]- |
| 300 ## - PHYSICAL DESCRIPTION | |
| Extent | v. <1 > ; |
| Dimensions | 19 cm. |
| 505 1# - FORMATTED CONTENTS NOTE | |
| Formatted contents note | Che 1-kwŏn. Si pʻyŏn -- |
| 650 #0 - SUBJECT ADDED ENTRY--TOPICAL TERM | |
| Topical term or geographic name entry element | Korean poetry |
| Chronological subdivision | 20th century. |
| 700 1# - ADDED ENTRY--PERSONAL NAME | |
| Linkage | 880-03 |
| Personal name | Cho, Yŏn-hyŏn, |
| Dates associated with a name | 1920-1981. |
| 880 00 - ALTERNATE GRAPHIC REPRESENTATION | |
| Linkage | 245-01/$1 |
| a | 推薦 作品 全集 / |
| c | [編者 趙 演鉉]. |
| 880 ## - ALTERNATE GRAPHIC REPRESENTATION | |
| Linkage | 260-02/$1 |
| a | 서울 : |
| b | 現代 文學社, |
| c | 檀紀4292 [1959]- |
| 880 1# - ALTERNATE GRAPHIC REPRESENTATION | |
| Linkage | 700-03/$1 |
| a | 趙 演鉉, |
| d | 1920-1981. |
No items available.